| 000 | 00541nam a2200181Ia 4500 | ||
|---|---|---|---|
| 008 | 090123s9999 xx 000 0 und d | ||
| 082 |
_b4693 _a891.463/आपटे |
||
| 100 | _aआपटे हरी नारायण | ||
| 245 | _aअपेक्षा | ||
| 250 | _a3 | ||
| 260 |
_bसुलभ मु. _c1977 |
||
| 300 | _a205 | ||
| 600 | _aआपटे हरी नारायण | ||
| 630 | _aअपेक्षा | ||
| 700 | _aआपटे हरी नारायण | ||
| 730 | _aअपेक्षा | ||
| 942 | _cBOOK | ||
| 999 |
_c42768 _d42768 |
||